[Event "Teresina Nordeste Cup"]
[Site "Teresina"]
[Date "2022.07.24"]
[Round "5"]
[White "Correa, Luca Soares"]
[Black "Barbosa, Matheus H De Alenca"]
[Result "1-0"]
[WhiteElo "1886"]
[BlackElo "1478"]
[PlyCount "107"]
[EventDate "2022.07.22"]
[EventType "swiss"]
[EventRounds "6"]
[EventCountry "BRA"]
[SourceTitle "CBM 209 Extra"]
[Source "ChessBase"]
[SourceDate "2022.09.30"]
[SourceVersion "1"]
[SourceVersionDate "2022.09.30"]
[SourceQuality "1"]

1. d4 d5 2. c4 e6 3. Nc3 Nf6 4. Nf3 Be7 5. Bf4 c6 6. e3 b6 7. h3 Ba6 8. Ne5 Nbd7 9. Nxd7 Nxd7 10. Qa4 Bb7 11. Bd3 0-0 12. Qc2 Nf6 13. 0-0 Rc8 14. Qe2 Bd6 15. Bxd6 Qxd6 16. Rfd1 Rfe8 17. Rac1 e5 18. dxe5 Qxe5 19. cxd5 Nxd5 20. Nxd5 cxd5 21. Qd2 Qg5 22. Bf1 Rxc1 23. Rxc1 Rc8 24. Rc3 Rxc3 25. Qxc3 Qe7 26. Bd3 g6 27. a3 Qc5 28. Qe5 Qc6 29. Qb8+ Kg7 30. Qe5+ Kg8 31. Qd4 Qc5 32. Qxc5 bxc5 33. f3 Kg7 34. Kf2 Bc6 35. Ke2 Kf6 36. Kd2 Kg5 37. g3 Bd7 38. h4+ Kf6 39. Kc3 Ke5 40. f4+ Kd6 41. b4 f5 42. bxc5+ Kxc5 43. Be2 Bb5 44. Bxb5 Kxb5 45. Kd4 Ka4 46. Kxd5 Kxa3 47. e4 fxe4 48. Kxe4 Kb4 49. g4 a5 50. f5 gxf5+ 51. gxf5 a4 52. f6 a3 53. f7 a2 54. f8Q+ 1-0

[Event "Teresina Nordeste Cup"]
[Site "Teresina"]
[Date "2022.07.24"]
[Round "6"]
[White "Correa, Luca Soares"]
[Black "Silva, Ronnyel Carlos Cunh"]
[Result "1/2-1/2"]
[WhiteElo "1886"]
[BlackElo "1694"]
[PlyCount "108"]
[EventDate "2022.07.22"]
[EventType "swiss"]
[EventRounds "6"]
[EventCountry "BRA"]
[SourceTitle "CBM 209 Extra"]
[Source "ChessBase"]
[SourceDate "2022.09.30"]
[SourceVersion "1"]
[SourceVersionDate "2022.09.30"]
[SourceQuality "1"]

1. d4 d5 2. c4 e6 3. Nc3 dxc4 4. e3 a6 5. Bxc4 b5 6. Be2 c5 7. dxc5 Qxd1+ 8. Bxd1 Bxc5 9. Bf3 Ra7 10. Ne4 Be7 11. Ne2 Bb7 12. 0-0 Nf6 13. N4c3 Bxf3 14. gxf3 0-0 15. b3 Rc7 16. Bb2 b4 17. Na4 Rc2 18. Nd4 Rc7 19. Rac1 Rfc8 20. Rxc7 Rxc7 21. Rc1 Rxc1+ 22. Bxc1 Nd5 23. Bd2 a5 24. e4 Nc7 25. Bf4 Nca6 26. Kf1 Kf8 27. Ke2 Ke8 28. Kd3 Nd7 29. Nc6 Bd8 30. Nxd8 Kxd8 31. Kc4 e5 32. Be3 Nc7 33. Nb6 Nb8 34. Nd5 Kd7 35. Nxc7 Kxc7 36. Kb5 Nc6 37. f4 Nd4+ 38. Kxa5 Nc2 39. Bd2 exf4 40. Bxf4+ Kc6 41. Bd2 Kc5 42. f4 h5 43. h4 f6 44. f5 Kd4 45. Bxb4 Kxe4 46. Bf8 Kxf5 47. Bxg7 Ke6 48. b4 f5 49. Bh6 Ke5 50. Kb5 f4 51. Kc4 f3 52. Kd3 Nxb4+ 53. Ke3 Nxa2 54. Kxf3 Nb4 1/2-1/2

[Event "Teresina Piauiense-ch"]
[Site "Teresina"]
[Date "2019.10.11"]
[Round "1"]
[White "Correa, Luca Soares"]
[Black "Farias, Edilsom"]
[Result "1-0"]
[WhiteElo "1858"]
[BlackElo "1849"]
[PlyCount "91"]
[EventDate "2019.10.11"]
[EventType "tourn"]
[EventRounds "9"]
[EventCountry "BRA"]
[SourceTitle "CBM 192 Extra"]
[Source "Chessbase"]
[SourceDate "2019.11.06"]
[SourceVersion "1"]
[SourceVersionDate "2019.11.06"]
[SourceQuality "1"]

1. d4 Nf6 2. Nf3 e6 3. c4 b6 4. g3 Ba6 5. b3 Bb4+ 6. Bd2 Be7 7. Bc3 d5 8. Nbd2 Nbd7 9. Bg2 0-0 10. 0-0 Rc8 11. Re1 c5 12. Rc1 cxd4 13. Bxd4 Nc5 14. Ne5 Bb7 15. Bb2 Qd6 16. cxd5 Bxd5 17. Ndc4 Bxc4 18. Nxc4 Qxd1 19. Rexd1 Rfd8 20. Ne5 Nd5 21. Bxd5 exd5 22. Nf3 a5 23. Nd4 f6 24. Nf5 Bf8 25. Ne3 Rc6 26. Nxd5 Rcd6 27. Ne3 Rd2 28. Bc3 R2d7 29. Rxd7 Rxd7 30. Rd1 Rxd1+ 31. Nxd1 Ne4 32. Be1 Bb4 33. Bxb4 axb4 34. Kf1 Kf7 35. Ke1 Ke6 36. f3 Nd6 37. Nb2 Nb5 38. Nd3 Nc3 39. Nxb4 Ke5 40. Kd2 Nb1+ 41. Kd3 Na3 42. Nc2 Nb5 43. a4 Nd6 44. Ne3 b5 45. a5 b4 46. Nc4+ 1-0

[Event "Teresina op 7th"]
[Site "Teresina"]
[Date "2019.08.02"]
[Round "1"]
[White "Correa, Luca Soares"]
[Black "Da Costa, Michel Yan Luz Vaz"]
[Result "1-0"]
[WhiteElo "1869"]
[BlackElo "1754"]
[PlyCount "79"]
[EventDate "2019.08.02"]
[EventType "swiss"]
[EventRounds "6"]
[EventCountry "BRA"]
[SourceTitle "EXT 2020"]
[Source "ChessBase"]
[SourceDate "2019.10.17"]
[SourceVersion "1"]
[SourceVersionDate "2019.10.17"]
[SourceQuality "1"]

1. d4 Nf6 2. Nf3 d5 3. c4 e6 4. Nc3 Bb4 5. e3 0-0 6. Bd3 c5 7. 0-0 Nc6 8. a3 Bxc3 9. bxc3 cxd4 10. cxd4 Bd7 11. cxd5 Nxd5 12. Bd2 Rc8 13. e4 Nde7 14. Rb1 Qc7 15. Qb3 Nd8 16. Bb4 Ndc6 17. Bxe7 Nxe7 18. Qxb7 Rfd8 19. Qxc7 Rxc7 20. Rfc1 Rdc8 21. Rxc7 Rxc7 22. Ne5 Bc8 23. a4 Kf8 24. Kf1 f6 25. Nf3 Ke8 26. Ke1 Rc3 27. Kd2 Ra3 28. Rb4 Bd7 29. Bb5 a6 30. Bxd7+ Kxd7 31. Rb7+ Kd6 32. e5+ fxe5 33. dxe5+ Kd5 34. Rxe7 Rxa4 35. Rxg7 a5 36. Rc7 Ra2+ 37. Rc2 Rxc2+ 38. Kxc2 Kc4 39. h3 Kb4 40. Kb2 1-0

[Event "Piauiense-ch sf2"]
[Site "Teresina"]
[Date "2019.05.18"]
[Round "2.6"]
[White "Correa, Luca Soares"]
[Black "Silva, Ronnyel Carlos Cunh"]
[Result "1-0"]
[WhiteElo "1867"]
[BlackElo "1716"]
[PlyCount "53"]
[EventDate "2019.05.17"]
[EventType "swiss"]
[EventRounds "5"]
[EventCountry "BRA"]
[SourceTitle "EXT 2022"]
[Source "ChessBase"]
[SourceDate "2021.10.06"]
[SourceVersion "1"]
[SourceVersionDate "2021.10.06"]
[SourceQuality "1"]

1. d4 d5 2. c4 e6 3. Nc3 Nf6 4. Nf3 a6 5. cxd5 exd5 6. Bg5 c6 7. e3 Bf5 8. Nh4 Bg6 9. Nxg6 hxg6 10. Be2 Qc7 11. Bf4 Bd6 12. Bxd6 Qxd6 13. h3 Nbd7 14. Qc2 g5 15. Qf5 Nh7 16. h4 gxh4 17. Rxh4 g6 18. Qh3 Ndf6 19. 0-0-0 Kf8 20. Rh1 Kg7 21. g4 Qd8 22. f4 g5 23. Rh6 Ne4 24. Rxh7+ Rxh7 25. Qxh7+ Kf8 26. Nxe4 dxe4 27. Qxe4 1-0

[Event "Piaui-ch final"]
[Site "Teresina"]
[Date "2018.10.14"]
[Round "5"]
[White "Correa, Luca Soares"]
[Black "Meneses, Lourenco Teixeira D"]
[Result "1/2-1/2"]
[WhiteElo "1904"]
[BlackElo "1966"]
[PlyCount "93"]
[EventDate "2018.10.11"]
[EventType "tourn"]
[EventRounds "9"]
[EventCountry "BRA"]
[SourceTitle "CBM 187 Extra"]
[Source "ChessBase"]
[SourceDate "2018.11.04"]
[SourceVersion "1"]
[SourceVersionDate "2018.11.04"]
[SourceQuality "1"]

1. Nf3 d5 2. g3 Nf6 3. Bg2 c6 4. 0-0 Bf5 5. d3 Nbd7 6. Nbd2 e6 7. Re1 Bc5 8. d4 Bb6 9. c4 h6 10. b3 0-0 11. Bb2 Ne4 12. Nxe4 Bxe4 13. Nd2 Bxg2 14. Kxg2 f5 15. c5 Ba5 16. a3 f4 17. b4 Bc7 18. e4 fxg3 19. hxg3 dxe4 20. Nxe4 Nf6 21. Nxf6+ Rxf6 22. d5 cxd5 23. Bxf6 Qxf6 24. Qf3 Qg6 25. Rad1 Rf8 26. Qe3 Rf6 27. Re2 Qg4 28. Rd4 Qh5 29. Rh4 Qf5 30. Rd4 Qh5 31. Qd2 Qf3+ 32. Kg1 Qh5 33. Rd3 Qh3 34. Qe1 h5 35. Qf1 Qg4 36. Rde3 e5 37. Rxe5 Bxe5 38. Rxe5 d4 39. Qe2 Qxe2 40. Rxe2 Rf3 41. Rd2 Rxa3 42. Rxd4 Rb3 43. Kg2 Kh7 44. Kh3 Kh6 45. f4 Rb1 46. Rd6+ g6 47. Rd4 1/2-1/2

[Event "Piaui-ch final"]
[Site "Teresina"]
[Date "2018.10.12"]
[Round "2"]
[White "Amorim, Gidelson Ferreira"]
[Black "Correa, Luca Soares"]
[Result "1-0"]
[WhiteElo "2004"]
[BlackElo "1904"]
[PlyCount "79"]
[EventDate "2018.10.11"]
[EventType "tourn"]
[EventRounds "9"]
[EventCountry "BRA"]
[SourceTitle "CBM 187 Extra"]
[Source "ChessBase"]
[SourceDate "2018.11.04"]
[SourceVersion "1"]
[SourceVersionDate "2018.11.04"]
[SourceQuality "1"]

1. e4 e5 2. Nf3 Nc6 3. Bc4 Bc5 4. 0-0 Nf6 5. d4 Bxd4 6. Nxd4 Nxd4 7. f4 d6 8. fxe5 dxe5 9. Bg5 Be6 10. Nd2 h6 11. Bxf6 gxf6 12. c3 Nc6 13. Bxe6 fxe6 14. Qh5+ Ke7 15. Rad1 Qe8 16. Qh4 Qg6 17. Nf3 Rad8 18. Rde1 Rhg8 19. Rf2 Rd3 20. g3 Rgd8 21. Ref1 Rd1 22. Ne1 Rf8 23. Kg2 Qg5 24. Qh3 Qe3 25. Nf3 Rxf1 26. Kxf1 Rd8 27. Qg4 Rf8 28. Nh4 Rf7 29. Qg8 Nd8 30. Ng6+ Kd7 31. Nh8 Re7 32. Rxf6 Qd3+ 33. Kg1 Qb1+ 34. Rf1 Qc2 35. Ng6 Re8 36. Nxe5+ Ke7 37. Qg7+ Kd6 38. Qd7+ Kc5 39. Qd4+ Kb5 40. Qc4+ 1-0

[Event "Luiz Rego Memorial 6th"]
[Site "Teresina"]
[Date "2018.08.03"]
[Round "2"]
[White "Barbosa, Evandro Amorim"]
[Black "Correa, Luca Soares"]
[Result "1-0"]
[WhiteElo "2509"]
[BlackElo "1910"]
[PlyCount "45"]
[EventDate "2018.08.03"]
[EventType "swiss"]
[EventRounds "6"]
[EventCountry "BRA"]
[SourceTitle "CBM 186 Extra"]
[Source "ChessBase"]
[SourceDate "2018.08.24"]
[SourceVersion "1"]
[SourceVersionDate "2018.08.24"]
[SourceQuality "1"]

1. e4 e6 2. d3 c5 3. Nf3 Nc6 4. g3 b6 5. Bg2 Bb7 6. 0-0 d6 7. c3 Qc7 8. d4 Nf6 9. d5 exd5 10. exd5 Nb8 11. Nh4 Be7 12. Nf5 0-0 13. Re1 Re8 14. Bg5 Na6 15. Rxe7 Rxe7 16. Bxf6 gxf6 17. Qg4+ Kf8 18. Na3 Bc8 19. Qg7+ Ke8 20. Qg8+ Kd7 21. Nxe7 Qd8 22. Bh3+ Kc7 23. Nb5+ 1-0

[Event "Teresina-ch"]
[Site "Teresina"]
[Date "2018.03.18"]
[Round "5.3"]
[White "Meneses, Lourenco Teixeira D"]
[Black "Correa, Luca Soares"]
[Result "1-0"]
[WhiteElo "1948"]
[BlackElo "1915"]
[PlyCount "173"]
[EventDate "2018.03.15"]
[EventType "swiss"]
[EventRounds "5"]
[EventCountry "BRA"]
[SourceTitle "EXT 2022"]
[Source "ChessBase"]
[SourceDate "2021.10.06"]
[SourceVersion "1"]
[SourceVersionDate "2021.10.06"]
[SourceQuality "1"]

1. d4 g6 2. e4 d6 3. Nf3 Bg7 4. h3 Nf6 5. Nbd2 0-0 6. Bd3 c5 7. c3 b6 8. 0-0 Bb7 9. Re1 cxd4 10. cxd4 Nc6 11. a3 Rc8 12. Nb3 Qc7 13. Be3 Qb8 14. Rc1 Nd7 15. Qd2 Qa8 16. Bh6 Rfd8 17. Bxg7 Kxg7 18. Ng5 Rf8 19. f4 h6 20. Nf3 e6 21. f5 exf5 22. exf5 Rce8 23. fxg6 fxg6 24. Nh4 Ne7 25. Rxe7+ Rxe7 26. Nxg6 Ref7 27. Nxf8 Qxf8 28. Qe2 Nf6 29. Rf1 Kh8 30. Nd2 Nd5 31. Qe4 Nf6 32. Qg6 Qg7 33. Qxg7+ Kxg7 34. Nc4 Rd7 35. Bf5 Rd8 36. Re1 Bd5 37. Nd2 Re8 38. Rxe8 Nxe8 39. Be4 Be6 40. Kf2 Kf6 41. Bc6 Nc7 42. Ke3 Nd5+ 43. Bxd5 Bxd5 44. g3 Bg2 45. h4 Kf5 46. Nc4 Ke6 47. Kf4 Bf1 48. Ne3 Bd3 49. Ng4 h5 50. Ne3 Kf6 51. Nd5+ Ke6 52. Nc3 Kf6 53. b4 Bc4 54. Nd1 Bd5 55. Ne3 Be6 56. g4 hxg4 57. Nxg4+ Kg6 58. Kg3 Bc4 59. Ne3 Be6 60. Ng2 Bc4 61. Nf4+ Kf5 62. Kf3 Bb3 63. h5 Bd1+ 64. Ke3 Kg5 65. Ne6+ Kxh5 66. d5 Kg6 67. Nd8 Kf6 68. Kd4 a6 69. Nc6 Bb3 70. Nb8 a5 71. Nd7+ Ke7 72. Nxb6 axb4 73. axb4 Kd8 74. Nc4 Kc7 75. Kc3 Bxc4 76. Kxc4 Kb6 77. Kc3 Kb5 78. Kb3 Kb6 79. Ka4 Ka6 80. b5+ Kb6 81. Kb4 Kb7 82. Ka5 Ka7 83. b6+ Kb8 84. b7 Kxb7 85. Kb5 Kc7 86. Ka6 Kd7 87. Kb7 1-0

[Event "Teresina-ch"]
[Site "Teresina"]
[Date "2018.03.17"]
[Round "2.1"]
[White "Amorim, Gidelson Ferreira"]
[Black "Correa, Luca Soares"]
[Result "1/2-1/2"]
[WhiteElo "2013"]
[BlackElo "1915"]
[PlyCount "112"]
[EventDate "2018.03.15"]
[EventType "swiss"]
[EventRounds "5"]
[EventCountry "BRA"]
[SourceTitle "EXT 2022"]
[Source "ChessBase"]
[SourceDate "2021.10.06"]
[SourceVersion "1"]
[SourceVersionDate "2021.10.06"]
[SourceQuality "1"]

1. e4 e6 2. d4 d5 3. Nd2 Nc6 4. c3 e5 5. exd5 Qxd5 6. Ngf3 exd4 7. Bc4 Qd8 8. 0-0 Be7 9. cxd4 Nxd4 10. Nxd4 Qxd4 11. Qa4+ Qd7 12. Qb3 Nh6 13. Nf3 0-0 14. Bxh6 gxh6 15. Rad1 Qf5 16. Rd5 Qf4 17. Rd4 Qf6 18. Rfd1 Qb6 19. Qc2 Bf6 20. R4d2 Bg4 21. Qe4 Bh5 22. Qf4 Rad8 23. Qxh6 Rxd2 24. Rxd2 Bg6 25. h4 Qc5 26. Bb3 Re8 27. g4 Bg7 28. Qf4 h5 29. Rd7 Re7 30. Rxe7 Qxe7 31. gxh5 Bxh5 32. Ng5 Bg6 33. h5 Bh6 34. hxg6 Qxg5+ 35. Qxg5 Bxg5 36. Bxf7+ Kg7 37. Kg2 Bf6 38. b3 c5 39. Kf3 b5 40. Ke4 c4 41. Bxc4 bxc4 42. bxc4 Kxg6 43. Kd5 Kf5 44. c5 Bd8 45. a4 Kf6 46. f3 Ke7 47. Kc6 a5 48. f4 Ke6 49. Kb7 Kf5 50. Kc8 Be7 51. c6 Bd6 52. Kd7 Bxf4 53. c7 Bxc7 54. Kxc7 Ke6 55. Kb6 Kd7 56. Kxa5 Kc8 1/2-1/2

[Event "Teresina-ch"]
[Site "Teresina"]
[Date "2018.03.17"]
[Round "3.3"]
[White "Carvalho, Lazaro Miranda"]
[Black "Correa, Luca Soares"]
[Result "1/2-1/2"]
[WhiteElo "1951"]
[BlackElo "1915"]
[PlyCount "29"]
[EventDate "2018.03.15"]
[EventType "swiss"]
[EventRounds "5"]
[EventCountry "BRA"]
[SourceTitle "EXT 2022"]
[Source "ChessBase"]
[SourceDate "2021.10.06"]
[SourceVersion "1"]
[SourceVersionDate "2021.10.06"]
[SourceQuality "1"]

1. e4 e5 2. Nf3 Nc6 3. Bb5 a6 4. Ba4 Nf6 5. 0-0 b5 6. Bb3 Be7 7. Re1 d6 8. c3 0-0 9. d3 Na5 10. Bc2 c5 11. h3 h6 12. Be3 Re8 13. Nbd2 Bf8 14. a4 Bd7 15. Nh2 1/2-1/2

[Event "Piaui-ch final"]
[Site "Teresina"]
[Date "2018.01.07"]
[Round "16"]
[White "Amorim, Gidelson Ferreira"]
[Black "Correa, Luca Soares"]
[Result "0-1"]
[WhiteElo "2015"]
[BlackElo "1819"]
[PlyCount "110"]
[EventDate "2017.12.28"]
[EventType "tourn"]
[EventRounds "18"]
[EventCountry "BRA"]
[SourceTitle "EXT 2019"]
[Source "ChessBase"]
[SourceDate "2018.10.10"]
[SourceVersion "1"]
[SourceVersionDate "2018.10.10"]
[SourceQuality "1"]

1. Nf3 Nf6 2. g3 g6 3. Bg2 Bg7 4. d3 0-0 5. c4 d6 6. Nc3 e5 7. 0-0 Nc6 8. h3 h6 9. Rb1 Nd4 10. Nxd4 exd4 11. Nb5 Nd7 12. b4 a6 13. Na3 Rb8 14. Nc2 b6 15. Bb2 c5 16. a3 Bb7 17. Bxb7 Rxb7 18. e3 dxe3 19. Nxe3 Bxb2 20. Rxb2 Nf6 21. d4 Rb8 22. Rd2 Ne4 23. Rd3 Qc8 24. Qg4 Qxg4 25. Nxg4 Kg7 26. Kg2 f5 27. Ne3 f4 28. gxf4 Rxf4 29. Nd5 Rf7 30. f3 Nf6 31. Nxf6 Rxf6 32. Re1 Rbf8 33. dxc5 dxc5 34. Re7+ R8f7 35. Re8 Rf8 36. Rxf8 Rxf8 37. Kg3 cxb4 38. axb4 Rc8 39. Rd4 Rc6 40. Kf4 Kf6 41. Ke4 Ke6 42. Kd3 Rd6 43. c5 bxc5 44. bxc5 Rxd4+ 45. Kxd4 a5 46. Kc4 a4 47. c6 Kd6 48. Kb5 Kc7 49. Kxa4 Kxc6 50. Kb4 Kd5 51. Kc3 Ke5 52. Kd3 Kf4 53. Ke2 Kg3 54. h4 Kxh4 55. Kf2 Kh3 0-1

[Event "Piaui-ch final"]
[Site "Teresina"]
[Date "2018.01.05"]
[Round "11"]
[White "Correa, Luca Soares"]
[Black "Lima, Jose Pacifico"]
[Result "1-0"]
[WhiteElo "1819"]
[BlackElo "1871"]
[PlyCount "125"]
[EventDate "2017.12.28"]
[EventType "tourn"]
[EventRounds "18"]
[EventCountry "BRA"]
[SourceTitle "EXT 2019"]
[Source "ChessBase"]
[SourceDate "2018.10.10"]
[SourceVersion "1"]
[SourceVersionDate "2018.10.10"]
[SourceQuality "1"]

1. d4 d5 2. c4 Nf6 3. Nf3 c6 4. Qc2 g6 5. e3 Bg7 6. Bd3 0-0 7. 0-0 Re8 8. Nbd2 Nbd7 9. b3 e5 10. dxe5 Nxe5 11. Nxe5 Rxe5 12. Bb2 Rg5 13. Nf3 Rh5 14. Be2 Bf5 15. Qd1 Bg4 16. Nd4 Bxe2 17. Qxe2 Ne4 18. Nf3 dxc4 19. Bxg7 Kxg7 20. Qxc4 Qd5 21. Qd4+ Qxd4 22. Nxd4 Rd8 23. f3 Nc3 24. Rfe1 Rhd5 25. Ne2 Nxe2+ 26. Rxe2 Kf6 27. Kf2 Ke5 28. Rc1 R8d6 29. Rcc2 h5 30. Ke1 Rd1+ 31. Kf2 f5 32. Re1 R1d5 33. Ree2 b6 34. e4 fxe4 35. Rxe4+ Kf5 36. Rce2 c5 37. Re7 Rd7 38. R2e5+ Rxe5 39. Rxd7 a5 40. Rd6 Re6 41. Rxe6 Kxe6 42. Ke3 Kd5 43. Kd3 a4 44. g3 b5 45. f4 axb3 46. axb3 Ke6 47. Ke4 Kd6 48. h3 Ke6 49. g4 hxg4 50. hxg4 Ke7 51. Kd5 c4 52. bxc4 b4 53. Kd4 Kd6 54. f5 gxf5 55. gxf5 b3 56. Kc3 b2 57. Kxb2 Ke5 58. Kc3 Kxf5 59. Kd4 Ke6 60. Kc5 Kd7 61. Kb6 Kc8 62. Kc6 Kd8 63. Kb7 1-0

[Event "Teresina-ch"]
[Site "Teresina"]
[Date "2017.03.18"]
[Round "3"]
[White "De Araujo, Maxdeilly Moura"]
[Black "Correa, Luca Soares"]
[Result "1/2-1/2"]
[WhiteElo "1816"]
[BlackElo "1866"]
[PlyCount "126"]
[EventDate "2017.03.16"]
[EventType "swiss"]
[EventRounds "6"]
[EventCountry "BRA"]
[SourceTitle "CBM 177 Extra"]
[Source "ChessBase"]
[SourceDate "2017.04.27"]
[SourceVersion "1"]
[SourceVersionDate "2017.04.27"]
[SourceQuality "1"]

1. d4 Nf6 2. c4 g6 3. Nc3 Bg7 4. e4 d6 5. f4 0-0 6. Nf3 c5 7. d5 e6 8. Bd3 exd5 9. cxd5 Bg4 10. 0-0 Nbd7 11. h3 Bxf3 12. Qxf3 a6 13. a4 Re8 14. Re1 Qc7 15. Be3 c4 16. Bc2 Nc5 17. Bd4 Nfd7 18. Bf2 Rab8 19. a5 b5 20. axb6 Rxb6 21. Ra2 Reb8 22. Rb1 R6b7 23. Kh2 Nd3 24. Bxd3 cxd3 25. Rxa6 Bxc3 26. Rc6 Ne5 27. fxe5 Bxe5+ 28. Bg3 Qe7 29. Qxd3 Rxb2 30. Rxb2 Rxb2 31. Rc8+ Kg7 32. Bxe5+ Qxe5+ 33. Kg1 Ra2 34. Qc3 Qxc3 35. Rxc3 Ra4 36. Rc6 Rxe4 37. Rxd6 Rd4 38. Kf1 Kf8 39. Rd7 Ke8 40. Ra7 Rxd5 41. Rb7 Rd7 42. Rb8+ Ke7 43. Rh8 h5 44. Ra8 Rd2 45. Ra6 Kf8 46. Rb6 Kg7 47. Ra6 g5 48. h4 f6 49. hxg5 fxg5 50. Kg1 h4 51. Kh2 Rf2 52. Kh3 Rf5 53. Kg4 Rb5 54. Kh5 Rb2 55. Rg6+ Kf7 56. Rxg5 h3 57. gxh3 Rb8 58. h4 Rh8+ 59. Kg4 Rg8 60. Kf5 Rxg5+ 61. hxg5 Kg7 62. g6 Kg8 63. Kf4 Kf8 1/2-1/2

[Event "Teresina-ch"]
[Site "Teresina"]
[Date "2017.03.17"]
[Round "2"]
[White "Correa, Luca Soares"]
[Black "Pessoa Gomes, Fabio"]
[Result "1/2-1/2"]
[WhiteElo "1866"]
[BlackElo "1783"]
[PlyCount "98"]
[EventDate "2017.03.16"]
[EventType "swiss"]
[EventRounds "6"]
[EventCountry "BRA"]
[SourceTitle "CBM 177 Extra"]
[Source "ChessBase"]
[SourceDate "2017.04.27"]
[SourceVersion "1"]
[SourceVersionDate "2017.04.27"]
[SourceQuality "1"]

1. d4 Nf6 2. c4 e6 3. Nf3 Bb4+ 4. Bd2 Qe7 5. a3 Bxd2+ 6. Nbxd2 a5 7. g3 b6 8. Bg2 Bb7 9. 0-0 0-0 10. Qc2 d6 11. b4 Nbd7 12. e3 e5 13. d5 Rfc8 14. e4 c6 15. Qd3 c5 16. b5 Rf8 17. Nh4 g6 18. h3 Nh5 19. Nhf3 Ndf6 20. Kh2 Rae8 21. Ng1 Nd7 22. Ne2 f5 23. f3 Qg5 24. Rae1 Bc8 25. Nb1 Ndf6 26. Qd2 f4 27. g4 Ng7 28. Ng1 h5 29. Nc3 hxg4 30. fxg4 Kf7 31. Nf3 Nxg4+ 32. Kg1 Qh6 33. hxg4 Bxg4 34. Qf2 Rh8 35. Na4 Rh7 36. Qe2 Reh8 37. Nxe5+ dxe5 38. Qxg4 Qh2+ 39. Kf2 Rh4 40. Qd7+ Kf6 41. Qd6+ Kg5 42. Qe7+ Kg4 43. Rg1 Qg3+ 44. Kf1 Qd3+ 45. Re2 Qd1+ 46. Kf2 Qd4+ 47. Kf1 Qd1+ 48. Re1 Qd3+ 49. Kf2 Qd2+ 1/2-1/2

[Event "Teresina-ch"]
[Site "Teresina"]
[Date "2017.03.16"]
[Round "1"]
[White "Almeida, Rafael Da Paz"]
[Black "Correa, Luca Soares"]
[Result "1-0"]
[WhiteElo "1431"]
[BlackElo "1866"]
[PlyCount "145"]
[EventDate "2017.03.16"]
[EventType "swiss"]
[EventRounds "6"]
[EventCountry "BRA"]
[SourceTitle "CBM 177 Extra"]
[Source "ChessBase"]
[SourceDate "2017.04.27"]
[SourceVersion "1"]
[SourceVersionDate "2017.04.27"]
[SourceQuality "1"]

1. Nf3 Nf6 2. b3 g6 3. Bb2 Bg7 4. g3 0-0 5. Bg2 d5 6. 0-0 c6 7. c4 Nbd7 8. cxd5 cxd5 9. Nc3 a6 10. Rb1 Nc5 11. d4 Nce4 12. e3 e6 13. Nd2 Nxc3 14. Bxc3 Bd7 15. b4 Rc8 16. Qb3 Bb5 17. Rfc1 Bc4 18. Qb2 Nd7 19. Nxc4 Rxc4 20. Bf1 Rc8 21. b5 axb5 22. Qxb5 b6 23. a4 Qe8 24. a5 bxa5 25. Bxa5 Qe7 26. Rxc8 Rxc8 27. Qa6 Qf8 28. Bb4 Qe8 29. Ba5 Qf8 30. Bb4 Qd8 31. Ba5 Qf8 32. Rb7 Nf6 33. Bb4 Qd8 34. Be7 Qe8 35. Bb5 Rc1+ 36. Kg2 Qc8 37. Qb6 Bf8 38. Bxf8 Qxf8 39. Rb8 Rc8 40. Rxc8 Qxc8 41. Qc6 Qf8 42. Qc5 Qa8 43. Qe7 Kg7 44. h3 Qb8 45. Be2 Qb2 46. Bf3 Qc2 47. Qd6 Qc8 48. g4 h6 49. h4 Qd7 50. Qe5 Qd8 51. g5 hxg5 52. hxg5 Qe7 53. gxf6+ Qxf6 54. Qxf6+ Kxf6 55. Kg3 Ke7 56. Kf4 f6 57. e4 dxe4 58. Bxe4 f5 59. Bd3 Kf6 60. Ba6 g5+ 61. Ke3 Ke7 62. Bb7 Kd6 63. Kf3 e5 64. dxe5+ Kxe5 65. Bc8 Kf6 66. Ke3 Ke5 67. f3 Kf6 68. Kd4 g4 69. f4 Kg6 70. Ke5 Kh5 71. Bxf5 g3 72. Be4 Kg4 73. f5 1-0

[Event "Luiz Rego Memorial 4th"]
[Site "Teresina"]
[Date "2016.06.26"]
[Round "5"]
[White "Correa, Luca Soares"]
[Black "Da Luz, Fabio Rodolfo"]
[Result "0-1"]
[WhiteElo "1855"]
[BlackElo "1693"]
[PlyCount "68"]
[EventDate "2016.06.24"]
[EventType "swiss"]
[EventRounds "6"]
[EventCountry "BRA"]
[SourceTitle "EXT 2017"]
[Source "ChessBase"]
[SourceDate "2016.10.25"]
[SourceVersion "1"]
[SourceVersionDate "2016.10.25"]
[SourceQuality "1"]

1. d4 d6 2. c4 g6 3. Nc3 Bg7 4. e4 Nf6 5. Be2 0-0 6. Bg5 Re8 7. Qd2 b6 8. f3 Nbd7 9. Bh6 Bb7 10. Bxg7 Kxg7 11. g4 e5 12. d5 Nc5 13. h4 a5 14. h5 Rh8 15. Nh3 Bc8 16. Nf2 Ncd7 17. 0-0-0 Nc5 18. hxg6 fxg6 19. Qh6+ Kf7 20. Nh3 Ng8 21. Ng5+ Ke8 22. Qh4 h6 23. Kb1 Qf6 24. Nb5 Kd7 25. Ne6 Nxe6 26. Qxf6 Nxf6 27. dxe6+ Kc6 28. g5 Nh5 29. gxh6 Bxe6 30. Rhf1 Rxh6 31. Nc3 Rah8 32. Nd5 Bxd5 33. cxd5+ Kd7 34. Bb5+ Kd8 0-1

[Event "Teresina-ch"]
[Site "Teresina"]
[Date "2016.03.19"]
[Round "4"]
[White "Correa, Luca Soares"]
[Black "Da Silva, Thiago Alves"]
[Result "0-1"]
[WhiteElo "1843"]
[BlackElo "1929"]
[PlyCount "68"]
[EventDate "2016.03.17"]
[EventType "swiss"]
[EventRounds "6"]
[EventCountry "BRA"]
[SourceTitle "EXT 2022"]
[Source "ChessBase"]
[SourceDate "2021.10.06"]
[SourceVersion "1"]
[SourceVersionDate "2021.10.06"]
[SourceQuality "1"]

1. d4 d5 2. c4 c6 3. Nf3 Nf6 4. e3 e6 5. Nc3 Nbd7 6. Qc2 Be7 7. Bd3 0-0 8. 0-0 dxc4 9. Bxc4 b5 10. Bd3 Bb7 11. e4 b4 12. Ne2 h6 13. e5 Nd5 14. Nf4 c5 15. Nxd5 Bxd5 16. Be3 Rc8 17. Qd2 c4 18. Bb1 Bxf3 19. gxf3 f5 20. Bxh6 Nxe5 21. dxe5 Qxd2 22. Bxd2 c3 23. bxc3 bxc3 24. Bc2 cxd2 25. Bb3 Kf7 26. Rfd1 Bg5 27. Kg2 Bf4 28. Rab1 Rc7 29. Kf1 Rfc8 30. Ke2 Rc5 31. Rb2 Rxe5+ 32. Kf1 Rc1 33. Rb1 Re1+ 34. Kg2 Rxb1 0-1

[Event "Teresina-ch"]
[Site "Teresina"]
[Date "2016.03.19"]
[Round "3"]
[White "Sales, Luis Carlos"]
[Black "Correa, Luca Soares"]
[Result "0-1"]
[WhiteElo "1848"]
[BlackElo "1843"]
[PlyCount "54"]
[EventDate "2016.03.17"]
[EventType "swiss"]
[EventRounds "6"]
[EventCountry "BRA"]
[SourceTitle "EXT 2022"]
[Source "ChessBase"]
[SourceDate "2021.10.06"]
[SourceVersion "1"]
[SourceVersionDate "2021.10.06"]
[SourceQuality "1"]

1. d4 Nf6 2. Bf4 g6 3. Nf3 Bg7 4. Nbd2 d6 5. h3 0-0 6. e3 c5 7. c3 Nc6 8. Bd3 cxd4 9. exd4 e5 10. Be3 Re8 11. Bb5 e4 12. Nh2 Nd5 13. 0-0 Nxe3 14. fxe3 Qg5 15. Qe2 Bxh3 16. Rf4 d5 17. Raf1 Be6 18. c4 f5 19. cxd5 Bxd5 20. a3 Nxd4 21. exd4 Bxd4+ 22. Kh1 Be5 23. Bxe8 Bxf4 24. Nxe4 fxe4 25. Bb5 Qh4 26. g4 e3+ 27. Kg1 Qg3+ 0-1